000 00637nam a22002057a 4500
003 JO-AjAnu
005 20240501110552.0
008 240501b jo ||||| |||| 00| 0 ara d
020 _a9781939099785
040 _aJO-AjAnu
_beng
_cJO-AjAnu
_dJO-AjAnu
_erda
041 0 _aeng
_heng
050 _aHF5415.13
_b2019
100 1 _aEstelami,Hooman
_eauthor
_965400
245 _aMarketing Strategy :
_bscientific methods tools and techniques for achieving strategic marketing success /
_cHooman Estelami
250 _afirst published
260 _c2019
300 _a257 pege
650 0 _amarketing
_965401
_vmarketing
942 _2lcc
_cBK
_n0
999 _c33484
_d33484